Statistiken für Top 50 Most Subs (Stand: 10.07.23)

Klicken Sie hier um das Quiz zu spielen!

Allgemein

  • Dieses Quiz wurde 392 mal gespielt
  • Das Durchschnittsergebnis liegt bei 12 aus 50

Antwortstatistiken

SubsStreamer% Korrekt
26,781Montanablack88
95%
38,506Eliasn97
78%
6,669Trymacs
78%
17,473Papaplatte
74%
3,811RevedTv
71%
14,076Gronkh
66%
3,573HoneyPuu
56%
5,233LetsHugoTv
55%
8,941BastiGHG
53%
16,774Noway4u_Sir
48%
5,248Pietsmiet
48%
3,103Rumathra
46%
3,904xRohat
45%
6,128Dhalucard
40%
2,919SidneyEweka
39%
6,512MckyTv
36%
6,780Elotrix
30%
4,347NiklasWilson
24%
6,073Abugoku9999
22%
6,349xTheSolutionTv
22%
19,869Sintica
14%
3,712Tisischubech
13%
3,104Trilluxe
13%
5,068Doktorfroid
12%
3,063Repaz
11%
10,143Shlorox
11%
13,408Metashi12
10%
3,375Sologesang
10%
11,719Terste
10%
4,578KubaFPS
9%
7,488JessiRocks
7%
10,056Anastasia_Rose_Official
4%
3,641xHankyy
3%
9,562Ailenax
2%
3,244Colaway
2%
6,655DirkNeuenfels
2%
7,401JasminBeckerMusic
2%
8,784Kamikatze
2%
2,922Sebo
2%
4,466Der_Marienkaefer_Live
1%
2,987DJMikemorion
1%
4,648DonFreez
1%
3,050Inzaynia
1%
3,406LaBeccaMusic
1%
4,086Lostkittn
1%
4,060MasterTay
1%
3,564Mouzakrobat
1%
5,127Shoxx_
1%
4,391TheKller
1%
4,429Valle
1%

Verteilung der Resultate

Perzentil nach korrekt beantworteten Fragen

Anzahl Personen mit jedem Resultat

Ihre Resultats-Entwicklung

Sie haben dieses Quiz noch nicht gespielt